LEADER 00902nam a2200217 u 4500 001 000000070403 003 CaOOAMICUS 005 20110420120953.0 008 020506s1858 njua u000 u eng u 035 $a10928852 040 $aPUL(R)$bita 100 1 $aNeligan, Wm. H.$0(OLS)http://pul/name/46859 245 10$aRome :$bits churches, its charities, and its schools /$cby Rev. Wm. H. Neligan .. 260 $aNew York :$bEdward Dunigan & Brother,$c1858. 300 $a452 p. ;$c25 cm 651 4$aRoma.$0(OLS)http://pul/subject/8022 850 $aPUL 852 $aPUL$W1$xDP1 Antico 800$y27$m117 C 33$j91079$nBK-PRI$b $qStampati Antico$B91079$CPULBib$Z2$F91079 $H $81 941 1 $a15 996 $6245$aRome :$bits churches, its charities, and its schools$9(OLS)http://pul/title/92822 996 $6260$aNew York :$bEdward Dunigan & Brother$9(OLS)http://pul/publisher/73053 LEADER 01551nam a2200325 u 4500 001 000000048273 003 CaOOAMICUS 005 20070226115000.0 008 000418s1999 be c u000 u eng u 020 $a9061869714 035 $a10846010 040 $aPUL$bita 245 00$aIustus Lipsius, Europae lumen et columen :$bproceedings of the International Colloquium, Leuven 17-19 September 1997 /$cedited by G. Tournoy, J. De Landtsheer and J. Papy. 260 $aLeuven :$bLeuven University Press,$c1999. 300 $axii, 288 p., [1] c. di tav. :$britr. ;$c26 cm 490 1 $aSupplementa humanistica Lovaniensia ;$v15 500 $aContiene indici. 504 $aBibliografia in nota. 600 14$aLipsius, Justus,$d1547-1606.$0(OLS)http://pul/subject/20361 700 1 $aDe Landsheer, J.$0(OLS)http://pul/name/35033 700 1 $aTournoy, Gilbert.$0(OLS)http://pul/name/35032 700 1 $aPapy, G.$0(OLS)http://pul/name/35034 830 0$aSupplementa humanistica Lovaniensia ;$v15.$0(OLS)http://pul/title/64999 850 $aPUL 852 $aPUL$W1$xDP1 Altre Collocazioni$y17$m1079 I 15$j64363$nBK-PRI$b $qStampati$B64363$CPULBib$Z2$F64363 $H $81 941 1 $a8 961 $aINV: 80971 996 $6020$a9061869714$9(OLS)http://pul/number/60631 996 $6245$aIustus Lipsius, Europae lumen et columen :$bproceedings of the International Colloquium, Leuven 17-19 September 1997$9(OLS)http://pul/title/64998 996 $6260$aLeuven :$bLeuven University Press$9(OLS)http://pul/publisher/48301